Geology of the Marathon region, Texas, (Record no. 27460)

MARC details
000 -LEADER
fixed length control field 00969cam a22002651 4500
001 - CONTROL NUMBER
control field gs 38000177
003 - CONTROL NUMBER IDENTIFIER
control field DLC
005 - DATE AND TIME OF LATEST TRANSACTION
control field 20260227111343.0
008 - FIXED-LENGTH DATA ELEMENTS--GENERAL INFORMATION
fixed length control field 770118s1938 dcu f000 0 eng c
010 ## - LIBRARY OF CONGRESS CONTROL NUMBER
LC control number gs 38000177
035 ## - SYSTEM CONTROL NUMBER
System control number (OCoLC)2686411
040 ## - CATALOGING SOURCE
Original cataloging agency U.S. Geol. survey. Library
Transcribing agency TxH
Modifying agency OCoLC
-- DLC
042 ## - AUTHENTICATION CODE
Authentication code premarc
050 00 - LIBRARY OF CONGRESS CALL NUMBER
Classification number QE75
Item number .P9 no. 187
100 1# - MAIN ENTRY--PERSONAL NAME
Personal name King, Philip Burke,
Dates associated with a name 1903-
245 10 - TITLE STATEMENT
Title Geology of the Marathon region, Texas,
Statement of responsibility, etc. by Philip B. King.
260 ## - PUBLICATION, DISTRIBUTION, ETC.
Place of publication, distribution, etc. Washington,
Name of publisher, distributor, etc. U.S. Govt. print. off.,
Date of publication, distribution, etc. 1938.
300 ## - PHYSICAL DESCRIPTION
Extent ix, 148 p.
Other physical details illus., 24 p. (incl. fold. maps, fold. diagrs.)
Dimensions 29 cm.
490 0# - SERIES STATEMENT
Series statement U. S. Geological survey. Professional paper 187
500 ## - GENERAL NOTE
General note At head of title: United States Department of the interior.
500 ## - GENERAL NOTE
General note 3 folded maps and 1 folded diagram in pocket.
504 ## - BIBLIOGRAPHY, ETC. NOTE
Bibliography, etc. note Bibliographical foot-notes.
650 #0 - SUBJECT ADDED ENTRY--TOPICAL TERM
Topical term or geographic name entry element Geology
Geographic subdivision Texas
-- Brewster County.
740 0# - ADDED ENTRY--UNCONTROLLED RELATED/ANALYTICAL TITLE
Uncontrolled related/analytical title Marathon region, Texas, Geology of the.

No items available.

Powered by Koha